[Event "SVK-chT 5th B03 corr"]
[Site "Slovakia"]
[Date "2002.02.15"]
[Round "?"]
[White "Marko, Martin"]
[Black "Povchanic, Daniel"]
[Result "0-1"]
[WhiteElo "2134"]
[BlackElo "2320"]
[PlyCount "58"]
[EventDate "2002.02.15"]
[EventType "team (corr)"]
[EventRounds "14"]
[EventCountry "SVK"]
[SourceTitle "Corr 2004"]
[Source "ChessBase"]
[SourceDate "2003.04.28"]
[SourceVersion "3"]
[SourceVersionDate "2003.04.28"]
[SourceQuality "1"]

1. c4 Nf6 2. Nc3 c5 3. g3 e6 4. Bg2 d5 5. cxd5 exd5 6. d4 cxd4 7. Qxd4 Nc6 8. Qa4 d4 9. Bxc6+ bxc6 10. Ne4 Be7 11. Nxf6+ Bxf6 12. Qxc6+ Bd7 13. Qe4+ Be6 14. Qc6+ Kf8 15. Qc5+ Kg8 16. Qa3 Bc4 17. f3 Qb6 18. Bd2 d3 19. Bc3 dxe2 20. Bxf6 gxf6 21. Rc1 Ba6 22. Qb3 Qa5+ 23. Kf2 Re8 24. Re1 Kg7 25. Nh3 Qc5+ 26. Kg2 Re3 27. Qa4 Bc8 28. Ng1 Rhe8 29. h4 h5 0-1

[Event "SVK-chT 5th B03 corr"]
[Site "Slovakia"]
[Date "2002.02.15"]
[Round "?"]
[White "Povchanic, Daniel"]
[Black "Marko, Martin"]
[Result "1-0"]
[WhiteElo "2320"]
[BlackElo "2134"]
[PlyCount "79"]
[EventDate "2002.02.15"]
[EventType "team (corr)"]
[EventRounds "14"]
[EventCountry "SVK"]
[SourceTitle "Corr 2004"]
[Source "ChessBase"]
[SourceDate "2003.04.28"]
[SourceVersion "3"]
[SourceVersionDate "2003.04.28"]
[SourceQuality "1"]

1. e4 c6 2. d4 d5 3. Nd2 dxe4 4. Nxe4 Nd7 5. Ng5 Ngf6 6. Bd3 e6 7. N1f3 h6 8. Nxe6 fxe6 9. Bg6+ Ke7 10. 0-0 Qc7 11. Re1 Kd8 12. c4 Bb4 13. Re2 Nf8 14. Bc2 Bd7 15. c5 Ba5 16. a3 Qb8 17. Ne5 Be8 18. Bf4 Bc7 19. Qd3 Nd5 20. Bg3 Bh5 21. Ree1 Nd7 22. Nc4 Bxg3 23. hxg3 Re8 24. Nd6 Re7 25. Bb3 b6 26. Bxd5 cxd5 27. b4 a5 28. Qe3 bxc5 29. dxc5 Bg6 30. b5 Qc7 31. Rac1 Rb8 32. g4 Bh7 33. Qd4 Bg8 34. Nf5 e5 35. Qe3 Re6 36. Nxg7 Rg6 37. c6 Nf6 38. Nf5 Nxg4 39. Qc5 Rf6 40. f3 1-0

[Event "SVK-chT 5th B03 corr"]
[Site "Slovakia"]
[Date "2002.02.15"]
[Round "?"]
[White "Povchanic, Daniel"]
[Black "Potemri, Stefan"]
[Result "1-0"]
[WhiteElo "2320"]
[BlackElo "2141"]
[PlyCount "31"]
[EventDate "2002.02.15"]
[EventType "team (corr)"]
[EventRounds "14"]
[EventCountry "SVK"]
[SourceTitle "Corr 2004"]
[Source "ChessBase"]
[SourceDate "2003.04.28"]
[SourceVersion "3"]
[SourceVersionDate "2003.04.28"]
[SourceQuality "1"]

1. e4 e5 2. Nf3 Nc6 3. Bb5 a6 4. Ba4 d6 5. c3 Bd7 6. d4 g6 7. 0-0 Bg7 8. Re1 Nge7 9. Be3 0-0 10. dxe5 dxe5 11. Bc5 Re8 12. Nbd2 b6 13. Ba3 b5 14. Bb3 Na5 15. Re3 Nxb3 16. Nxb3 1-0

[Event "SVK-chT 5th B03 corr"]
[Site "Slovakia"]
[Date "2002.02.15"]
[Round "?"]
[White "Toma, Rudolf"]
[Black "Povchanic, Daniel"]
[Result "0-1"]
[WhiteElo "2084"]
[BlackElo "2320"]
[PlyCount "60"]
[EventDate "2002.02.15"]
[EventType "team (corr)"]
[EventRounds "14"]
[EventCountry "SVK"]
[SourceTitle "Corr 2004"]
[Source "ChessBase"]
[SourceDate "2003.04.28"]
[SourceVersion "3"]
[SourceVersionDate "2003.04.28"]
[SourceQuality "1"]

1. c4 Nf6 2. Nc3 c5 3. g3 e6 4. Bg2 d5 5. cxd5 exd5 6. d4 cxd4 7. Qxd4 Nc6 8. Qa4 d4 9. Nb5 Bb4+ 10. Kf1 0-0 11. Bg5 h6 12. Bxf6 Qxf6 13. Nc7 d3 14. Nxa8 Qxb2 15. Rd1 dxe2+ 16. Nxe2 Bg4 17. f3 Be6 18. Rc1 Nd4 19. Qd1 Nxe2 20. Rc2 Qa3 21. Nc7 Nc3 22. Rxc3 Qxc3 23. Nxe6 fxe6 24. f4 b5 25. Bf3 Qc4+ 26. Qe2 Rd8 27. Qxc4 bxc4 28. Rg1 e5 29. fxe5 c3 30. Rg2 Rf8 0-1